000 00467nam a2200193Ia 4500
003 OSt
005 20250909102004.0
008 250729s2004 xx 000 0 und d
020 _a9788176484862
040 _cAL
041 _aeng
082 _a371.4 AKNG
100 _aA K Nayak
_9222440
245 _aGuidence and counselling
260 _aNew Delhi
_bA P H Publishing
_c2004
300 _a244p
650 _aGuidence Counselling
_9222441
942 _2ddc
_cBED
999 _c235463
_d235463